000 00826nam a2200253Ia 4500
003 OSt
005 20221005112133.0
006 a|||||r|||| 00| 0
007 ta
008 221004b |||||||| |||| 00| 0 pan d
020 _a9788190710695 (hbk)
024 _a27001
037 _bGift, 16/05/2016,
_cTextual
040 _aCRL
_cCRL
_bpan
041 _2pan
_apan
082 _aR3xN, 153Q3
100 _aਕੈਰੋ੍ਵ, ਜੋਗਿੰਦਰ ਸਿੰਘ
245 0 _aਯੁਗ ਚਿੰਤਕ
260 _aਅੰਮ੍ਰਿਤਸਰ
_bਏ੍ਵਜਲ ਭਾਰਤ
_c2013
300 _a220ਪੰ
_ccm.
650 _aਣOFਨ FਾਂਸਛO
_9157433
942 _hR3xN, 153Q3
_cTEXL
_2cc
999 _c1023926
_d1023926